Variaciones sobre la vida de Norman Bates

Guardat en:
Dades bibliogràfiques
Autor principal: Faúndez Ruiz, Claudio (autor)
Format: Llibre
Idioma:espanyol
Publicat: Valparaíso, Chile: Narrativa Punto Aparte 2010
Edició:1a. edición
Matèries:
Etiquetes: Afegir etiqueta
Sense etiquetes, Sigues el primer a etiquetar aquest registre!

MARC

LEADER 00000cam a2200000 a 4500
001 UCG8125
003 CL-VaPUC
005 20240827170542.0
008 111124t20100000CL |||||||||||||||||spa|d
999 |c 345761  |d 345759 
020 |a 9789568688141 
040 |c Pontificia Universidad Católica de Valparaíso 
082 0 7 |a Ch863 FAU 2010  |2 22 
100 0 |a Faúndez Ruiz, Claudio  |e autor  |9 559009 
245 1 0 |a Variaciones sobre la vida de Norman Bates 
250 |a 1a. edición 
260 |a Valparaíso, Chile:  |b Narrativa Punto Aparte  |c 2010 
300 |a 167 páginas. 
500 |a c.1 Donación a Biblioteca Abierta de Curauma de Sra. Teresa López Tifus, vecina de Curauma. Realizada el 26 de agosto de 2024. 
500 |a Cinco historias demencialmente bellas y pavorosas, cinco relatos escritos con franqueza feroz, sensibles y mordaces por igual, erigen esta galería de personajes excepcionales e inolvidables. La tierra sobre la que germinan estos relatos es la del amor, pero no el de las telenovelas ni el de la literatura rosa, sino el que fermenta en la espesura de la soledad, en la frondosidad de la locura, en el follaje de la muerte 
583 |a last modification  |c 20111124 10:34:00  |k Rodrigo Vera 
650 0 |a Relatos chilenos  |2 CL-VaPUC  |9 321121  |x Suspenso  
650 0 |a Literatura chilena   |9 308278 
942 |c BK  |2 ddc 
945 |d 20111124 00:00:00  |a cmena 
952 |0 0  |1 0  |4 0  |6 CH_863_000000000000000_FAU_2010  |7 0  |8 A  |9 446004  |a FDOPOS  |b FDOPOS  |d 2019-11-22  |i 4807774  |o Ch863 FAU 2010  |p 4807774  |r 2025-01-22  |w 2019-11-22  |y BK  |k DLH 
952 |0 0  |1 0  |2 ddc  |4 0  |6 CH_863_000000000000000_FAU_2010  |7 0  |8 A  |9 596485  |a BIBCUR  |b BIBCUR  |d 2024-08-27  |e Donación  |i 5662586  |l 1  |o Ch863 FAU 2010  |p 5662586  |r 2025-04-22  |s 2024-11-05  |t 2  |w 2024-08-27  |y BK  |k CAC